CHRONIC obstructive pulmonary disease
Uloženo v:
| Hlavní autor: | |
|---|---|
| Médium: | Kniha |
| Jazyk: | angličtina |
| Vydáno: |
Jaypee Brothers Medical Publishers
2013
|
| Tagy: |
Přidat tag
Žádné tagy, Buďte první, kdo vytvoří štítek k tomuto záznamu!
|
MARC
| LEADER | 00000nam a22000007a 4500 | ||
|---|---|---|---|
| 008 | 210413b ||||| |||| 00| 0 eng d | ||
| 020 | |a 978-93-5090-353-7 | ||
| 100 | |a edited by JINDAL, Surinder K. | ||
| 245 | |a CHRONIC obstructive pulmonary disease |c edited by Surinder K. Jindal, Vannan K. Vijayan. |e World clinics pulmonary and critical care medicine |g - xiii, 212p; ill. | ||
| 250 | |c edited by JINDAL, Surinder K. | ||
| 260 | |b Jaypee Brothers Medical Publishers |c 2013 |h New Delhi |i 692669 |l RC776 .C46 |m Lungs – Diseases, Obstructive – Chemotherapy. | ||
| 500 | |a “It includes references” | ||
| 942 | |a lcc |c BK |e YUNUSA, A.A. |f 13/4/21 | ||
| 952 | |0 0 |1 0 |2 lcc |4 0 |6 RC0776 C46 |7 0 |9 2121 |a HOL |b HOL |c QZ |d 2021-04-13 |l 0 |o RC776 .C46 |p 2021-5975 |r 2021-04-13 00:00:00 |w 2021-04-13 |y BK | ||
| 999 | |c 1099 |d 1099 | ||